|
|
|
|
| LEADER |
00000nam2a2200000 4500 |
| 001 |
87030 |
| 005 |
20231031102009.0 |
| 010 |
|
|
|a 5276006326
|
| 035 |
|
|
|a (RuTPU)RU\TPU\book\93449
|
| 090 |
|
|
|a 87030
|
| 100 |
|
|
|a 20051205d2005 m y0rusy50 ca
|
| 101 |
0 |
|
|a rus
|
| 102 |
|
|
|a RU
|
| 105 |
|
|
|a a j 001zy
|
| 200 |
0 |
|
|a Ч. 1: Основы механики жидкости и газа
|
| 205 |
|
|
|a 4-е изд., стер.
|
| 210 |
|
|
|d 2005
|
| 215 |
|
|
|a 192 с.
|c ил.
|
| 320 |
|
|
|a Библиогр.: с. 188-189.
|
| 330 |
|
|
|a Учебное пособие включает все дидактические единицы по механике жидкости и газа (гидравлике) в соответствии с примерной программой Минобразования РФ для машиностроительных направлений и специальностей. Разделы 16, 17, 18 и 19 предназначены в основном для самостоятельной работы и расширения кругозора студентов. Они также являются введением ко второй части курса, посвященной гидравлическим машинам, гидравлическим и пневматическим приводам.
|
| 461 |
|
1 |
|0 (RuTPU)RU\TPU\book\101610
|y 5-276-00633-4
|t Гидравлика и гидропневмопривод
|o Учебное пособие
|f А. А. Шейпак
|g Московский государственный индустриальный университет
|v Ч. 1: Основы механики жидкости и газа
|e 4-е изд., стер.
|d 2005-
|
| 610 |
1 |
|
|a гидравлика
|
| 610 |
1 |
|
|a жидкость
|
| 610 |
1 |
|
|a газ
|
| 610 |
1 |
|
|a механика
|
| 610 |
1 |
|
|a физические свойства
|
| 610 |
1 |
|
|a кинематика
|
| 610 |
1 |
|
|a статика
|
| 610 |
1 |
|
|a динамика
|
| 610 |
1 |
|
|a законы
|
| 610 |
1 |
|
|a уравнения
|
| 610 |
1 |
|
|a уравнения Рейнольдса
|
| 610 |
1 |
|
|a уравнения Навье-Стокса
|
| 610 |
1 |
|
|a уравнения Эйлера
|
| 610 |
1 |
|
|a равновесие
|
| 610 |
1 |
|
|a идеальная жидкость
|
| 610 |
1 |
|
|a гидромеханические процессы
|
| 610 |
1 |
|
|a турбулентность
|
| 610 |
1 |
|
|a численные методы
|
| 610 |
1 |
|
|a применение
|
| 610 |
1 |
|
|a одномерные потоки
|
| 610 |
1 |
|
|a трубопроводы
|
| 610 |
1 |
|
|a расчет
|
| 610 |
1 |
|
|a гидравлические машины
|
| 610 |
1 |
|
|a аппараты
|
| 610 |
1 |
|
|a зазоры
|
| 610 |
1 |
|
|a течение
|
| 610 |
1 |
|
|a пневматические приводы
|
| 610 |
1 |
|
|a безнапорные потоки
|
| 610 |
1 |
|
|a учебные пособия
|
| 801 |
|
1 |
|a RU
|b 63413507
|c 20051205
|g PSBO
|
| 801 |
|
2 |
|a RU
|b 63413507
|c 20150430
|g PSBO
|
| 900 |
|
|
|a Гидравлика и гидропневмопривод
|
| 900 |
|
|
|a Механика жидкости и газа
|
| 942 |
|
|
|c BK
|
| 959 |
|
|
|a 102/20051202
|d 1
|e 62,1
|f НФ:1
|